Religious drama : mediaeval and modern /

Bibliographic Details
Main Author: Eliot, T. S. (Thomas Stearns), 1888-1965
Format: Book
Language:English
Published: New York : House of Books, 1954.
Edition:1st ed.
Series:The Crown octavos, no.12
Subjects:

MARC

Tag First Indicator Second Indicator Subfields
LEADER 00000cam a2200000 4500
001 in00000007160
005 20151005050031.0
008 770506s1954 nyu 00010 eng
010 |a  54003413  
035 |a (OCoLC)02945491 
035 |9 AAA1633AM 
040 |a DLC  |c CSU  |d m.c.  |d TXA  |d UtOrBLW 
049 |a TXAS  |c [A08600974] 
050 0 0 |a PN1880  |b .E6 
082 0 |a 792.1 
100 1 |a Eliot, T. S.  |q (Thomas Stearns),  |d 1888-1965. 
245 1 0 |a Religious drama :  |b mediaeval and modern /  |c T.S. Eliot. 
250 |a 1st ed. 
264 1 |a New York :  |b House of Books,  |c 1954. 
300 |a 32 unnumbered pages ;  |c 20 cm. 
336 |a text  |b txt  |2 rdacontent 
337 |a unmediated  |b n  |2 rdamedia 
338 |a volume  |b nc  |2 rdacarrier 
490 0 |a The Crown octavos, no.12 
500 |a 300 copies. This is number 56. 
500 |a Signed by the author. 
650 0 |a Religious drama  |x History and criticism. 
999 |a MARS 
999 f f |s 85a875f1-b747-3776-8c23-5b024c3e0f0a  |i 97a29e26-14a8-323c-8615-3cbb186ec20e  |t 0 
952 f f |p noncirc  |a Texas A&M University  |b College Station  |c Cushing Memorial Library & Archives  |d Cushing: Rare Books (Does not check out)  |t 0  |e PN1880 .E6  |h Library of Congress classification  |i unmediated -- volume  |m A14808600974 
998 f f |a PN1880 .E6  |t 0  |l Cushing: Rare Books (Does not check out)